[Event "Montcalm 3 2022-23"]
[Site "Quebec CAN"]
[Date "2022.11.24"]
[Round "2"]
[White "Marquis, Paul"]
[Black "Lapierre, Gaetan"]
[Result "1/2-1/2"]
[WhiteElo "1980"]
[BlackElo "1788"]
[PlyCount "79"]
[EventDate "2022.11.17"]
[EventType "swiss"]
[EventRounds "5"]
[EventCountry "CAN"]

1. e4 c5 2. c3 d5 3. exd5 Qxd5 4. d4 cxd4 5. cxd4 Nc6 6. Nf3 e6 7. Nc3 Qd8 8.
Bc4 Nf6 9. O-O Be7 10. Re1 O-O 11. Bf4 a6 12. a4 Nd5 13. Bxd5 exd5 14. Ne5 Nxe5
15. dxe5 Be6 16. Re3 d4 17. Rd3 dxc3 18. Rxd8 Rfxd8 19. Qc2 cxb2 20. Qxb2 Rd7
21. Rc1 Rad8 22. h3 Rd1+ 23. Rxd1 Rxd1+ 24. Kh2 Rd7 25. Bd2 Bd5 26. Bc3 Bf8 27.
f4 Bc6 28. a5 g6 29. Qe2 Bd5 30. g4 Be6 31. Qf1 Bb3 32. f5 Rd1 33. Qf2 Bd5 34.
fxg6 hxg6 35. h4 Rh1+ 36. Kg3 Be7 37. g5 Be6 38. Kg2 Bd5+ 39. Kg3 Be6 40. Kg2
1/2-1/2

[Event "Montcalm 3 2022-23"]
[Site "Quebec CAN"]
[Date "2022.11.24"]
[Round "2"]
[White "Mercure, Gilbert"]
[Black "Duguay-Piron, Simon"]
[Result "1-0"]
[WhiteElo "1917"]
[BlackElo "1626"]
[PlyCount "95"]
[EventDate "2022.11.17"]
[EventType "swiss"]
[EventRounds "5"]
[EventCountry "CAN"]

1. e4 c5 2. d4 cxd4 3. c3 dxc3 4. Nxc3 Nc6 5. Nf3 e6 6. Bc4 Be7 7. Qe2 d6 8.
O-O Nf6 9. Rd1 a6 10. e5 Nd7 11. exd6 Bf6 12. Nd5 O-O 13. Nxf6+ Nxf6 14. Bg5
Bd7 15. Rd3 b5 16. Bb3 Re8 17. Ne5 Nxe5 18. Qxe5 Ng4 19. Qf4 f6 20. Qxg4 fxg5
21. Rh3 Qf6 22. Qe4 g6 23. Qb7 Qxb2 24. Rf1 Qg7 25. Re3 Kh8 26. Rfe1 Rf8 27.
Qe4 Rfe8 28. Qe5 Rad8 29. Qxg5 h6 30. Qg4 g5 31. Qh5 e5 32. h4 Bf5 33. hxg5 Bg6
34. Qxh6+ Qxh6 35. gxh6 Rxd6 36. Rxe5 Rxe5 37. Rxe5 Kh7 38. f4 Rf6 39. g3 Kxh6
40. Kg2 Bd3 41. Kf3 a5 42. g4 Kg7 43. Ke3 Bb1 44. Rxb5 a4 45. Rb7+ Kg6 46. Bd5
Rd6 47. Bf7+ Kf6 48. Rxb1 1-0

[Event "Montcalm 3 2022-23"]
[Site "Quebec CAN"]
[Date "2022.11.24"]
[Round "2"]
[White "Perreault, Jacquelin"]
[Black "Auger, Bertrand"]
[Result "1/2-1/2"]
[WhiteElo "1735"]
[BlackElo "2031"]
[PlyCount "72"]
[EventDate "2022.11.17"]
[EventType "swiss"]
[EventRounds "5"]
[EventCountry "CAN"]

1. e4 e6 2. d4 d5 3. Nd2 dxe4 4. Nxe4 Bd7 5. Nf3 Bc6 6. Bd3 Nd7 7. Qe2 Ngf6 8.
O-O Bxe4 9. Bxe4 Nxe4 10. Qxe4 c6 11. c4 Nf6 12. Qe2 h6 13. Bf4 Qa5 14. Rfd1
Be7 15. a3 O-O 16. b4 Qf5 17. Be5 Nd7 18. d5 exd5 19. Bxg7 Kxg7 20. Qxe7 Rae8
21. Qh4 Re4 22. Nd4 Qg6 23. Qh3 Ne5 24. cxd5 cxd5 25. Nf5+ Kh7 26. Rxd5 Re8 27.
Ne3 Ng4 28. Qh5 Qf6 29. Qf5+ Qxf5 30. Rxf5 Kg6 31. Rc5 Nxe3 32. fxe3 Rxe3 33.
Rc7 R8e7 34. Rac1 a6 35. Rxe7 Rxe7 36. Kf2 Kf6 1/2-1/2

[Event "Montcalm 3 2022-23"]
[Site "Quebec CAN"]
[Date "2022.11.24"]
[Round "2"]
[White "Sarra-Bournet, Marc"]
[Black "Laflamme, Simon"]
[Result "1/2-1/2"]
[WhiteElo "1774"]
[BlackElo "1972"]
[PlyCount "94"]
[EventDate "2022.11.17"]
[EventType "swiss"]
[EventRounds "5"]
[EventCountry "CAN"]

1. e4 c5 2. Nc3 Nc6 3. f4 g6 4. Nf3 Bg7 5. Bc4 e6 6. O-O Nge7 7. f5 O-O 8. d3
d5 9. Bb3 d4 10. Ne2 exf5 11. Nf4 fxe4 12. dxe4 Bg4 13. Qe1 Ne5 14. Nxe5 Bxe5
15. Nd3 Bg7 16. Nxc5 b6 17. Nd3 Be6 18. Bxe6 fxe6 19. Bf4 Nc6 20. Qg3 Qd7 21.
Bd6 Rfd8 22. Bc7 Rdc8 23. Bd6 Na5 24. Rf2 Nc4 25. Bf4 Ne3 26. Rc1 Rf8 27. Re2
Rad8 28. Ne5 Qb7 29. Bxe3 Qxe4 30. Ng4 dxe3 31. Nxe3 Bxb2 32. Rb1 Ba3 33. Qg4
Rf4 34. Qh3 Bc5 35. Rbe1 Rdf8 36. Qg3 Qc6 37. h3 Bd6 38. Qg5 Bc5 39. Kh1 Qc7
40. Rg1 Bxe3 41. Rxe3 R4f5 42. Qg4 Qxc2 43. Rxe6 Qxa2 44. Rxg6+ hxg6 45. Qxg6+
Kh8 46. Qh6+ Kg8 47. Qg6+ Kh8 1/2-1/2

[Event "Montcalm 3 2022-23"]
[Site "Quebec CAN"]
[Date "2022.12.01"]
[Round "3"]
[White "Auger, Bertrand"]
[Black "Marquis, Paul"]
[Result "1-0"]
[WhiteElo "2031"]
[BlackElo "1980"]
[PlyCount "83"]
[EventDate "2022.11.17"]
[EventType "swiss"]
[EventRounds "5"]
[EventCountry "CAN"]

1. Nf3 Nf6 2. g3 g6 3. b4 Bg7 4. Bb2 O-O 5. Bg2 d6 6. d3 c6 7. O-O a5 8. a3
axb4 9. axb4 Rxa1 10. Bxa1 Na6 11. c3 Nd5 12. Qa4 b5 13. Qa3 Bb7 14. Nbd2 Qb6
15. e4 Ndc7 16. Re1 Ra8 17. Qb3 c5 18. e5 d5 19. d4 cxb4 20. cxb4 e6 21. Bc3
Nb8 22. Qb2 Nc6 23. Nb3 Bf8 24. Nc5 Bxc5 25. dxc5 Qa6 26. Qd2 Kg7 27. Ra1 Qxa1+
28. Bxa1 Rxa1+ 29. Bf1 Rb1 30. Qg5 Ne8 31. h4 h6 32. Qd2 Rxb4 33. Bd3 Nc7 34.
h5 Na6 35. hxg6 fxg6 36. Qe3 Nc7 37. Nh4 Ne7 38. Qf3 Ne8 39. Ng2 Bc6 40. Nf4
Nc7 41. Nxe6+ Nxe6 42. Qf6+ 1-0

[Event "Montcalm 3 2022-23"]
[Site "Quebec CAN"]
[Date "2022.12.01"]
[Round "3"]
[White "Dumont, Eric"]
[Black "Boissinot, Claude"]
[Result "1-0"]
[WhiteElo "1759"]
[BlackElo "1493"]
[PlyCount "105"]
[EventDate "2022.11.17"]
[EventType "swiss"]
[EventRounds "5"]
[EventCountry "CAN"]

1. d4 Nf6 2. Bf4 e6 3. e3 Be7 4. h3 b6 5. Nf3 Bb7 6. Bd3 O-O 7. O-O d5 8. Nbd2
Nbd7 9. Ne5 c5 10. c3 h6 11. Bh2 Nxe5 12. Bxe5 Nd7 13. Bh2 f5 14. f4 Nf6 15.
Nf3 Ne4 16. Ne5 Qe8 17. a4 Bd6 18. Bb5 Qd8 19. Nf3 a6 20. Bd3 c4 21. Bxe4 fxe4
22. Ne5 Bxe5 23. fxe5 Rxf1+ 24. Qxf1 Qf8 25. Qe2 Qe7 26. Rf1 Rf8 27. Bf4 g5 28.
Bh2 Rxf1+ 29. Qxf1 Qf7 30. Qf6 Qxf6 31. exf6 Kf7 32. Be5 b5 33. a5 Bc6 34. g4
Ke8 35. Kf2 Kd8 36. Kg3 Be8 37. h4 Kd7 38. hxg5 hxg5 39. Bb8 Kc6 40. Ba7 Bf7
41. Bc5 Bg6 42. Bf8 Bf7 43. Bh6 b4 44. cxb4 Kb5 45. Bf8 Ka4 46. Kf2 Kb3 47. b5
axb5 48. a6 Kxb2 49. a7 c3 50. a8=Q Kb1 51. Qa3 c2 52. Qb3+ Kc1 53. Ke2 1-0

[Event "Montcalm 3 2022-23"]
[Site "Quebec CAN"]
[Date "2022.12.01"]
[Round "3"]
[White "Laflamme, Simon"]
[Black "Fecteau, Martin"]
[Result "1/2-1/2"]
[WhiteElo "1972"]
[BlackElo "1904"]
[PlyCount "54"]
[EventDate "2022.11.17"]
[EventType "swiss"]
[EventRounds "5"]
[EventCountry "CAN"]

1. e4 c5 2. c3 d5 3. exd5 Qxd5 4. d4 cxd4 5. cxd4 Nc6 6. Nf3 e6 7. Be2 Bb4+ 8.
Bd2 Bxd2+ 9. Qxd2 Nf6 10. Nc3 Qd8 11. O-O O-O 12. Rfd1 Ne7 13. Ne5 Ned5 14. Bf3
Bd7 15. Rac1 Rc8 16. Nxd5 exd5 17. Rxc8 Bxc8 18. Rc1 Qb6 19. b3 Be6 20. Qe3 h6
21. Rc5 Qd6 22. h3 Re8 23. Qd3 Nd7 24. Nxd7 Bxd7 25. Qd2 Bc6 26. Rc1 Qf6 27.
Rc3 a6 1/2-1/2

[Event "Montcalm 3 2022-23"]
[Site "Quebec CAN"]
[Date "2022.12.01"]
[Round "3"]
[White "Lapierre, Gaetan"]
[Black "Sarra-Bournet, Marc"]
[Result "1/2-1/2"]
[WhiteElo "1788"]
[BlackElo "1774"]
[PlyCount "141"]
[EventDate "2022.11.17"]
[EventType "swiss"]
[EventRounds "5"]
[EventCountry "CAN"]

1. e4 e5 2. Nf3 Nc6 3. Bb5 a6 4. Bxc6 dxc6 5. d4 exd4 6. Qxd4 Qxd4 7. Nxd4 c5
8. Nb3 Be6 9. Be3 b6 10. Nc3 Ne7 11. O-O-O Nc6 12. h3 Bd6 13. f4 f6 14. Nd5 O-O
15. Nxb6 cxb6 16. Rxd6 Bxb3 17. axb3 Rac8 18. Re1 Rfe8 19. Bd2 b5 20. Rd5 Nd8
21. e5 c4 22. bxc4 Rxc4 23. exf6 Rxe1+ 24. Bxe1 Ne6 25. fxg7 Nxf4 26. Rd7 Nxg2
27. Bc3 Rc8 28. Ra7 Nf4 29. Kd2 Nxh3 30. Rxa6 Ng5 31. Ke3 Re8+ 32. Kd3 Ne6 33.
Rb6 h5 34. Rxb5 h4 35. Be5 h3 36. Rb8 Rxb8 37. Bxb8 Kxg7 38. Ke3 Kf6 39. Kf2
Kf5 40. Kg3 Nd4 41. c3 Nc6 42. Bc7 Ke4 43. b4 Kd3 44. b5 Ne7 45. Be5 Kc4 46. b6
Nc6 47. Bd4 Kb5 48. Bg1 Nb8 49. Kxh3 Nd7 50. Kg3 Nxb6 51. Bxb6 Kxb6 52. Kf3 Kc5
53. Ke3 Kc4 54. Kd2 Kc5 55. Kd3 Kd5 56. c4+ Kc5 57. Kc3 Kc6 58. Kb4 Kb6 59. Kb3
Kc5 60. Kc3 Kc6 61. Kd4 Kd6 62. c5+ Kc6 63. Kc4 Kc7 64. Kb4 Kc6 65. Kc4 Kc7 66.
Kd5 Kd7 67. c6+ Kc7 68. Kc5 Kc8 69. Kb6 Kb8 70. c7+ Kc8 71. Kc6 1/2-1/2

[Event "Montcalm 3 2022-23"]
[Site "Quebec CAN"]
[Date "2022.12.01"]
[Round "3"]
[White "Plante, Rejean"]
[Black "Roux, Michel"]
[Result "1-0"]
[WhiteElo "1988"]
[BlackElo "1554"]
[PlyCount "111"]
[EventDate "2022.11.17"]
[EventType "swiss"]
[EventRounds "5"]
[EventCountry "CAN"]

1. d4 g6 2. c4 Bg7 3. Nc3 Nf6 4. e4 d6 5. f3 c6 6. Be3 O-O 7. Bd3 e5 8. Nge2
Na6 9. d5 Nc7 10. Qd2 Re8 11. b4 Bd7 12. a4 cxd5 13. cxd5 Kh8 14. O-O Ng8 15.
g4 Rf8 16. Ng3 Ne8 17. Rac1 b6 18. b5 Nef6 19. Be2 h6 20. Na2 Nh7 21. Nb4 Rc8
22. Nc6 Bxc6 23. dxc6 Rc7 24. Rcd1 Ng5 25. Qxd6 Ne6 26. Qxd8 Nxd8 27. Bc4 Nf6
28. Rd3 Nxc6 29. bxc6 Rxc6 30. Bb5 Rc7 31. Rfd1 Kh7 32. Bd2 Rfc8 33. Ba6 Re8
34. Bb4 Rc2 35. Nf1 Bf8 36. Bxf8 Rxf8 37. Ne3 Rc7 38. Nc4 Re8 39. Rd8 Ree7 40.
Bb5 Kg7 41. Kf2 g5 42. R1d2 Kg6 43. Ne3 Rc1 44. R8d6 Re6 45. Rxe6 fxe6 46. Nc4
h5 47. Nxe5+ Kh6 48. h3 Rc5 49. Nd7 Nxd7 50. Bxd7 hxg4 51. hxg4 e5 52. Rd5 Rxd5
53. exd5 Kg7 54. Ke3 Kf6 55. Ke4 a6 56. d6 1-0

[Event "Montcalm 3 2022-23"]
[Site "Quebec CAN"]
[Date "2022.12.01"]
[Round "3"]
[White "Sauve, Richard"]
[Black "Mercure, Gilbert"]
[Result "1/2-1/2"]
[WhiteElo "1921"]
[BlackElo "1917"]
[PlyCount "84"]
[EventDate "2022.11.17"]
[EventType "swiss"]
[EventRounds "5"]
[EventCountry "CAN"]

1. d4 d5 2. c4 Nc6 3. cxd5 Qxd5 4. e3 e5 5. Nc3 Bb4 6. a3 Bxc3+ 7. bxc3 exd4 8.
cxd4 Nf6 9. Ne2 Ne4 10. f3 Qa5+ 11. Bd2 Nxd2 12. Qxd2 Qxd2+ 13. Kxd2 Na5 14.
Kc3 b6 15. Nf4 Bb7 16. Bb5+ Ke7 17. e4 Rac8 18. Rhe1 c6 19. Bf1 h5 20. Rad1 g5
21. Nd3 Rhe8 22. Nf2 Rcd8 23. Nh1 Bc8 24. Ng3 h4 25. Ne2 Ba6 26. Nc1 Bxf1 27.
Rxf1 f5 28. e5 Ke6 29. Nd3 Nb7 30. f4 g4 31. Nb4 Rc8 32. Nc2 Red8 33. Ne3 Rd7
34. Rd2 Rcd8 35. Rfd1 b5 36. Kc2 Na5 37. Kc3 a6 38. Ra1 Nb7 39. Rdd1 a5 40.
Rab1 Rc8 41. Rb2 Rcd8 42. Rbb1 Rc8 1/2-1/2

[Event "Montcalm 3 2022-23"]
[Site "Quebec CAN"]
[Date "2022.12.08"]
[Round "4"]
[White "Arseneau, Mathias"]
[Black "Lapierre, Gaetan"]
[Result "0-1"]
[WhiteElo "1621"]
[BlackElo "1788"]
[PlyCount "66"]
[EventDate "2022.11.17"]
[EventType "swiss"]
[EventRounds "5"]
[EventCountry "CAN"]

1. e4 d6 2. d4 Nf6 3. Bd3 c6 4. h3 e5 5. Nf3 Qc7 6. Bg5 Be7 7. Nbd2 Nbd7 8. c3
a6 9. O-O b5 10. a4 Rb8 11. axb5 axb5 12. b4 O-O 13. Nb3 Re8 14. Qc2 c5 15.
Bxf6 Bxf6 16. dxc5 dxc5 17. bxc5 Nxc5 18. Nxc5 Qxc5 19. Rfb1 Bd7 20. Qd2 Rec8
21. Rc1 Rd8 22. Qe2 Rdc8 23. Nd2 b4 24. Nb3 Qe7 25. c4 Bg5 26. Rc2 Be6 27. Kh2
g6 28. g3 f5 29. exf5 gxf5 30. h4 Bf6 31. Rca2 e4 32. Ra7 Qe8 33. Re1 Bc3 0-1

[Event "Montcalm 3 2022-23"]
[Site "Quebec CAN"]
[Date "2022.12.08"]
[Round "4"]
[White "Brown, Zachary"]
[Black "Laflamme, Simon"]
[Result "0-1"]
[WhiteElo "1662"]
[BlackElo "1972"]
[PlyCount "56"]
[EventDate "2022.11.17"]
[EventType "swiss"]
[EventRounds "5"]
[EventCountry "CAN"]

1. e4 c5 2. c3 d5 3. exd5 Nf6 4. Nf3 Nxd5 5. d4 e6 6. dxc5 Bxc5 7. Qa4+ Bd7 8.
Qg4 Nf6 9. Qg3 Ne4 10. Qe5 Bxf2+ 11. Ke2 Nf6 12. Bg5 Nc6 13. Bxf6 gxf6 14. Qe4
Bb6 15. Nbd2 Qe7 16. Re1 O-O-O 17. Kd1 e5 18. Kc1 Be6 19. Nb3 Bf2 20. Rd1 Rxd1+
21. Kxd1 Rd8+ 22. Kc1 f5 23. Qe2 Qd6 24. g3 Be3+ 25. Nfd2 f4 26. Bg2 Bxb3 27.
axb3 Qxd2+ 28. Qxd2 Rxd2 0-1

[Event "Montcalm 3 2022-23"]
[Site "Quebec CAN"]
[Date "2022.12.08"]
[Round "4"]
[White "Fecteau, Martin"]
[Black "Sauve, Richard"]
[Result "1/2-1/2"]
[WhiteElo "1904"]
[BlackElo "1921"]
[PlyCount "126"]
[EventDate "2022.11.17"]
[EventType "swiss"]
[EventRounds "5"]
[EventCountry "CAN"]

1. d4 e6 2. c4 d5 3. Nf3 Nf6 4. Bg5 h6 5. Bh4 g5 6. Bg3 Ne4 7. e3 Nc6 8. Nc3 h5
9. h3 Nxg3 10. fxg3 h4 11. gxh4 gxh4 12. Qd2 Bh6 13. Qf2 a6 14. Bd3 dxc4 15.
Bxc4 b5 16. Bb3 Qd6 17. Ne4 Qe7 18. Nfd2 f5 19. Nc5 Nb4 20. Qf3 Ra7 21. Qh5+
Qf7 22. Qe2 Nd5 23. Nf1 Rg8 24. Rc1 Qg6 25. Rc2 c6 26. Nd3 Bd7 27. Ne5 Qg5 28.
Nxc6 Rc7 29. Ne5 Rxc2 30. Qxc2 Qxg2 31. Rh2 Qxc2 32. Rxc2 Bg7 33. Rg2 Ne7 34.
Nd3 Bc8 35. Nc5 Kf7 36. Kf2 Bh6 37. Rxg8 Nxg8 38. Nd2 Nf6 39. Nf3 Nd5 40. Bxd5
exd5 41. Nxh4 f4 42. exf4 Bxf4 43. Nf3 Bxh3 44. Nxa6 Bf5 45. Nc5 Ke7 46. Ke2
Bb1 47. Nd3 Bd6 48. a3 Kd7 49. Nfe5+ Kc7 50. Kd2 Ba2 51. Kc3 Bb1 52. b4 Bxd3
53. Kxd3 Be7 54. Kc3 Bg5 55. Nd3 Be3 56. Nc5 Bc1 57. a4 bxa4 58. Nxa4 Kc6 59.
Nb2 Kb5 60. Nd3 Be3 61. Ne1 Bf2 62. Nd3 Be3 63. Nc5 Bxd4+ 1/2-1/2

[Event "Montcalm 3 2022-23"]
[Site "Quebec CAN"]
[Date "2022.12.08"]
[Round "4"]
[White "Marquis, Paul"]
[Black "Dumont, Eric"]
[Result "1-0"]
[WhiteElo "1980"]
[BlackElo "1759"]
[PlyCount "83"]
[EventDate "2022.11.17"]
[EventType "swiss"]
[EventRounds "5"]
[EventCountry "CAN"]

1. d4 d5 2. c4 c6 3. Nc3 Nf6 4. Nf3 g6 5. Bg5 Bg7 6. cxd5 cxd5 7. Qb3 e6 8. e3
O-O 9. Bd3 Nc6 10. O-O Bd7 11. Ne5 Na5 12. Qb4 Bc6 13. Qa3 Be8 14. b4 Nc6 15.
b5 Qa5 16. Qb3 Nxe5 17. dxe5 Nd7 18. Be7 Nxe5 19. Be2 Nc4 20. Bb4 Qb6 21. Bxc4
dxc4 22. Qc2 Bxb5 23. Bxf8 Rxf8 24. Rab1 Bxc3 25. Qxc3 Qc6 26. Rfd1 Ba6 27. Rd4
b5 28. Rbd1 Bb7 29. f3 Qc5 30. a3 Qe5 31. Rxc4 Qxc3 32. Rxc3 Bd5 33. Rc7 Ra8
34. e4 Bc4 35. Rdd7 e5 36. Rxa7 Rxa7 37. Rxa7 Kg7 38. Kf2 Kf6 39. Ke3 Kg5 40.
g3 h5 41. Rc7 Be6 42. Rc5 1-0

[Event "Montcalm 3 2022-23"]
[Site "Quebec CAN"]
[Date "2022.12.08"]
[Round "4"]
[White "Mercure, Gilbert"]
[Black "Auger, Bertrand"]
[Result "0-1"]
[WhiteElo "1917"]
[BlackElo "2031"]
[PlyCount "85"]
[EventDate "2022.11.17"]
[EventType "swiss"]
[EventRounds "5"]
[EventCountry "CAN"]

1. e4 e6 2. d4 d5 3. e5 c5 4. c3 Nc6 5. Nf3 Nge7 6. dxc5 Ng6 7. Bb5 Bd7 8. Bxc6
Bxc6 9. Be3 Qc7 10. Bd4 Bb5 11. a4 Bc4 12. b3 Ba6 13. b4 Bc4 14. Na3 b6 15.
Nxc4 dxc4 16. cxb6 axb6 17. Qe2 Nf4 18. Qe4 Nd3+ 19. Ke2 Rc8 20. Rhb1 Be7 21.
Ne1 f5 22. Qe3 f4 23. Qe4 f3+ 24. Nxf3 O-O 25. Rf1 Rf4 26. Qe3 Qb7 27. Nd2 Rcf8
28. f3 Rh4 29. g3 Rxh2+ 30. Kd1 Qd5 31. a5 bxa5 32. Rxa5 Ra8 33. Rxa8+ Qxa8 34.
Ba7 Qc6 35. Rf2 Qa4+ 36. Ke2 Rxf2+ 37. Qxf2 Nxf2 38. Bxf2 Qc2 39. Bd4 Qd3+ 40.
Ke1 Bxb4 41. Ne4 Qxf3 42. Nd2 Qxg3+ 43. Kd1 0-1

[Event "Montcalm 3 2022-23"]
[Site "Quebec CAN"]
[Date "2022.12.08"]
[Round "4"]
[White "Plante, Gabriel"]
[Black "Perreault, Jacquelin"]
[Result "0-1"]
[WhiteElo "1426"]
[BlackElo "1735"]
[PlyCount "50"]
[EventDate "2022.11.17"]
[EventType "swiss"]
[EventRounds "5"]
[EventCountry "CAN"]

1. b3 b6 2. Bb2 Bb7 3. e3 e6 4. Nf3 Nf6 5. d4 c5 6. Bd3 Be7 7. O-O O-O 8. Nbd2
d5 9. Ne5 Nbd7 10. f4 Rc8 11. Qe1 cxd4 12. exd4 Bb4 13. c3 Bxc3 14. Bxc3 Rxc3
15. Ndf3 Qc7 16. Nxd7 Nxd7 17. Bxh7+ Kxh7 18. Qh4+ Kg8 19. Ng5 Nf6 20. Rae1 Ba6
21. Rf3 Rxf3 22. Nxf3 Bd3 23. Ne5 Qc3 24. Qg3 Qxd4+ 25. Kh1 Be4 0-1

[Event "Montcalm 3 2022-23"]
[Site "Quebec CAN"]
[Date "2022.12.08"]
[Round "4"]
[White "Sarra-Bournet, Marc"]
[Black "Plante, Rejean"]
[Result "1/2-1/2"]
[WhiteElo "1774"]
[BlackElo "1988"]
[PlyCount "186"]
[EventDate "2022.11.17"]
[EventType "swiss"]
[EventRounds "5"]
[EventCountry "CAN"]

1. e4 c5 2. Nc3 Nc6 3. f4 g6 4. Nf3 Bg7 5. Bb5 d6 6. Bxc6+ bxc6 7. O-O e6 8. d3
d5 9. e5 Ne7 10. Na4 Qa5 11. c4 O-O 12. Bd2 Qc7 13. Qe1 Nf5 14. Nxc5 Qb6 15.
Bb4 a5 16. Ba3 Rd8 17. Kh1 dxc4 18. dxc4 Nd4 19. Nxd4 Rxd4 20. b3 Bf8 21. Na4
Qd8 22. Bxf8 Qxf8 23. Nc3 c5 24. Nb5 Rd7 25. Qf2 Bb7 26. Rad1 Rxd1 27. Rxd1 Bc6
28. Nd6 Qh6 29. Kg1 Qh5 30. Re1 a4 31. Qxc5 Ra6 32. Ne4 Qf5 33. Nf6+ Kg7 34.
Qf2 axb3 35. axb3 Qd3 36. Qe3 Qc2 37. Re2 Qb1+ 38. Kf2 h5 39. h4 Ra1 40. Kg3
Ra3 41. Kh2 Rxb3 42. Qd2 Rd3 43. Qc2 Qxc2 44. Rxc2 Kf8 45. c5 Ke7 46. Ra2 Rc3
47. Ra7+ Kd8 48. Rxf7 Rc2 49. Rf8+ Kc7 50. Ne8+ Kd7 51. Nf6+ Kc7 52. Rg8 Rxg2+
53. Kh3 Rg1 54. Ne8+ Kd7 55. Nd6 Rg4 56. Rg7+ Kd8 57. Nf7+ Kc8 58. Ng5 Bg2+ 59.
Kh2 Bd5 60. Rxg6 Rxf4 61. Kh3 Kd7 62. Rh6 Rf5 63. Rxh5 Rxe5 64. Kg4 Kc6 65. Rh8
Kxc5 66. h5 Re1 67. h6 Rg1+ 68. Kh5 Rh1+ 69. Kg6 Bb3 70. Kf6 Bc2 71. h7 Bxh7
72. Nxh7 Re1 73. Ng5 e5 74. Re8 Kd5 75. Rd8+ Kc5 76. Ke6 e4 77. Ke5 e3 78. Ke4
e2 79. Ke3 Rd1 80. Rc8+ Kd5 81. Kxe2 Ra1 82. Ke3 Ra4 83. Rb8 Ra3+ 84. Kf4 Ra4+
85. Kf5 Kd4 86. Rb5 Ke3 87. Re5+ Kd3 88. Ne4 Rd4 89. Ra5 Rb4 90. Nf2+ Ke2 91.
Ra2+ Ke3 92. Nd1+ Kd3 93. Rg2 Rb8 1/2-1/2

[Event "Montcalm 3 2022-23"]
[Site "Quebec CAN"]
[Date "2022.12.15"]
[Round "5"]
[White "Auger, Bertrand"]
[Black "Fecteau, Martin"]
[Result "1-0"]
[WhiteElo "2031"]
[BlackElo "1904"]
[PlyCount "57"]
[EventDate "2022.11.17"]
[EventType "swiss"]
[EventRounds "5"]
[EventCountry "CAN"]

1. Nf3 Nf6 2. g3 c5 3. b3 d5 4. Bb2 Nc6 5. Bg2 Bg4 6. O-O e6 7. Ne5 Nxe5 8.
Bxe5 Bd6 9. Bb2 e5 10. c4 Be6 11. Nc3 Bb8 12. cxd5 Nxd5 13. Ne4 b6 14. f4 f5
15. Ng5 Bg8 16. e4 fxe4 17. Qh5+ g6 18. Qh6 Qe7 19. Bxe4 Kd7 20. f5 gxf5 21.
Rxf5 Bd6 22. Raf1 Re8 23. Rf7 Bxf7 24. Rxf7 Nb4 25. Rxe7+ Rxe7 26. Qf6 Rhe8 27.
Nf7 Bb8 28. a3 Re6 29. Bf5 1-0

[Event "Montcalm 3 2022-23"]
[Site "Quebec CAN"]
[Date "2022.12.15"]
[Round "5"]
[White "Dumont, Eric"]
[Black "Sarra-Bournet, Marc"]
[Result "1-0"]
[WhiteElo "1759"]
[BlackElo "1774"]
[PlyCount "206"]
[EventDate "2022.11.17"]
[EventType "swiss"]
[EventRounds "5"]
[EventCountry "CAN"]

1. d4 d5 2. Bf4 Nf6 3. e3 e6 4. Nd2 Bd6 5. Bg3 Nc6 6. f4 Bd7 7. c3 Ne7 8. Bd3
Nf5 9. Bf2 h5 10. Nh3 Ng4 11. Qe2 Nxf2 12. Qxf2 Qf6 13. O-O-O O-O-O 14. e4 dxe4
15. Nxe4 Qe7 16. Nhg5 Ba4 17. Rde1 f6 18. Nxd6+ Rxd6 19. Nxe6 Bd7 20. Nc5 Qf7
21. Nxd7 Qxd7 22. Kb1 Kb8 23. Re2 Ne7 24. Rhe1 Nd5 25. f5 Rb6 26. Ka1 Rd8 27.
Bc4 Rd6 28. Re6 Rxe6 29. Rxe6 Nb6 30. Bb3 c5 31. d5 Nxd5 32. Qxc5 Ne3 33. a3
Nd5 34. Qf2 Nc7 35. Re4 Qb5 36. Rb4 Qe5 37. Qf3 Nb5 38. Re4 Qc7 39. Qxh5 Nxa3
40. Re8 Nb5 41. Qh8 Qa5+ 42. Ba2 Rxe8 43. Qxe8+ Kc7 44. Qe7+ Kc6 45. Qxg7 Nd6
46. Qxf6 Qc5 47. g4 Qg1+ 48. Bb1 Qxg4 49. Qd4 Qh3 50. Qf2 Qg4 51. Qf1 Qh4 52.
h3 Kd7 53. Qf3 Qa4+ 54. Ba2 Qc2 55. Qd5 Qc1+ 56. Bb1 Qf1 57. Qe6+ Kc7 58. f6 a6
59. h4 Qd1 60. Qe7+ Kc6 61. Qh7 Qa4+ 62. Ba2 Qd1+ 63. Qb1 Qh5 64. Qh1+ Kd7 65.
Qe1 Kc6 66. Bb3 Qa5+ 67. Ba2 Qf5 68. f7 Nxf7 69. Qe6+ Nd6 70. Qxf5 Nxf5 71. h5
Kd6 72. Bb1 Nh6 73. b4 b6 74. Kb2 a5 75. bxa5 bxa5 76. Kb3 Kc5 77. Bd3 Ng4 78.
Ka4 Ne5 79. Bb5 Kb6 80. h6 Ng6 81. h7 Nh8 82. Be8 Kc5 83. Bb5 Kb6 84. c4 Nf7
85. Bd7 Nh8 86. Be6 Ng6 87. Bd5 Nh8 88. Bg8 Ng6 89. Bf7 Nh8 90. Be8 Kc5 91. Kb3
Kd4 92. Bd7 Kc5 93. Kc3 Kd6 94. Ba4 Kc5 95. Bb5 Nf7 96. Kd3 Kd6 97. Kd4 Ke6 98.
c5 Kf6 99. Bc4 Nh8 100. Kd5 Kg7 101. Ke6 Kxh7 102. c6 Kg7 103. c7 Nf7 1-0

[Event "Montcalm 3 2022-23"]
[Site "Quebec CAN"]
[Date "2022.12.15"]
[Round "5"]
[White "Gauthier-Andersen, Gabriel"]
[Black "Boissinot, Claude"]
[Result "0-1"]
[WhiteElo "1285"]
[BlackElo "1493"]
[PlyCount "56"]
[EventDate "2022.11.17"]
[EventType "swiss"]
[EventRounds "5"]
[EventCountry "CAN"]

1. e4 c5 2. b3 d6 3. Bb2 e6 4. Bb5+ Bd7 5. Bxd7+ Nxd7 6. d3 Ngf6 7. f4 Qc7 8.
Nf3 Rc8 9. a4 a5 10. Nbd2 Be7 11. Nc4 O-O 12. O-O d5 13. Nce5 dxe4 14. Nxd7
Nxd7 15. Ne5 Nf6 16. dxe4 Rcd8 17. Qe2 Kh8 18. Rad1 Rxd1 19. Rxd1 Kg8 20. g4
Rd8 21. Rxd8+ Qxd8 22. f5 Qc7 23. g5 Nd7 24. Qb5 Nxe5 25. Bxe5 Qxe5 26. Qe8+
Bf8 27. g6 hxg6 28. fxg6 Qg5+ 0-1

[Event "Montcalm 3 2022-23"]
[Site "Quebec CAN"]
[Date "2022.12.15"]
[Round "5"]
[White "Laflamme, Simon"]
[Black "Sauve, Richard"]
[Result "1/2-1/2"]
[WhiteElo "1972"]
[BlackElo "1921"]
[PlyCount "51"]
[EventDate "2022.11.17"]
[EventType "swiss"]
[EventRounds "5"]
[EventCountry "CAN"]

1. Nf3 Nf6 2. c4 e6 3. g3 d5 4. Bg2 Be7 5. O-O O-O 6. d4 dxc4 7. Na3 c5 8. Nxc4
Nc6 9. dxc5 Bxc5 10. Qc2 Qe7 11. Nce5 Bd7 12. Bg5 Rfd8 13. Rfd1 Be8 14. Rxd8
Rxd8 15. Rc1 Bb6 16. e3 h6 17. Bxf6 Qxf6 18. Nc4 Bc7 19. Ncd2 Bb6 20. Nc4 Nb4
21. Qb1 Bc6 22. Nxb6 Bxf3 23. Nd7 Rxd7 24. Bxf3 g6 25. Qe4 Nc6 26. Rc2 1/2-1/2

[Event "Montcalm 3 2022-23"]
[Site "Quebec CAN"]
[Date "2022.12.15"]
[Round "5"]
[White "Perreault, Jacquelin"]
[Black "Marquis, Paul"]
[Result "1/2-1/2"]
[WhiteElo "1735"]
[BlackElo "1980"]
[PlyCount "44"]
[EventDate "2022.11.17"]
[EventType "swiss"]
[EventRounds "5"]
[EventCountry "CAN"]

1. e4 e6 2. d4 d5 3. Nd2 Be7 4. exd5 Qxd5 5. Ngf3 c5 6. Bc4 Qh5 7. O-O Nc6 8.
dxc5 Qxc5 9. Qe2 Nf6 10. Ne4 Qh5 11. Rd1 O-O 12. c3 Nxe4 13. Qxe4 e5 14. Be3
Bf5 15. Qd5 Rad8 16. Qb5 Rxd1+ 17. Rxd1 Rb8 18. Rd2 a6 19. Qb6 Bd8 20. Qc5 Be7
21. Qb6 Bd8 22. Qc5 Be7 1/2-1/2

[Event "Montcalm 3 2022-23"]
[Site "Quebec CAN"]
[Date "2022.12.15"]
[Round "5"]
[White "Plante, Rejean"]
[Black "Mercure, Gilbert"]
[Result "1-0"]
[WhiteElo "1988"]
[BlackElo "1917"]
[PlyCount "73"]
[EventDate "2022.11.17"]
[EventType "swiss"]
[EventRounds "5"]
[EventCountry "CAN"]

1. d4 d5 2. Bf4 Bf5 3. e3 Nc6 4. Bb5 e6 5. Nf3 Bd6 6. Bg3 Nge7 7. O-O h5 8. c4
a6 9. Bxd6 cxd6 10. Bxc6+ bxc6 11. cxd5 Nxd5 12. Nc3 Nxc3 13. bxc3 Be4 14. c4
g5 15. Nd2 Bd3 16. Re1 Rb8 17. Qa4 Qb6 18. Qa3 Bg6 19. Qxd6 Rd8 20. Qe5 O-O 21.
Qxg5 Kh7 22. Nf3 f6 23. Qf4 c5 24. Rad1 Bc2 25. Rd2 e5 26. dxe5 Rxd2 27. Nxd2
Qb4 28. Nf3 Kg7 29. exf6+ Rxf6 30. Qe5 Bg6 31. Rd1 Qb7 32. Ng5 Bf5 33. h4 Kg6
34. Rd6 Qb1+ 35. Kh2 Rxd6 36. Qxd6+ Kg7 37. Qxc5 1-0